Akta perkapalan saudagar (pencemaran minyak) 1994 (Akta 515) = (Record no. 4317)

000 -LEADER
fixed length control field nam a22 a 4500
003 - CONTROL NUMBER IDENTIFIER
control field AKMAL
005 - DATE AND TIME OF LATEST TRANSACTION
control field 20170529081459.0
008 - FIXED-LENGTH DATA ELEMENTS--GENERAL INFORMATION
fixed length control field 170529s2007 my | e l 000 0 may d
020 ## - INTERNATIONAL STANDARD BOOK NUMBER
International Standard Book Number 9789678917452 (kkt.)
082 04 - DEWEY DECIMAL CLASSIFICATION NUMBER
Classification number 343.5950965 MAL
Edition number 22
090 00 - LOCALLY ASSIGNED LC-TYPE CALL NUMBER (OCLC); LOCAL CALL NUMBER (RLIN)
Classification number (OCLC) (R) ; Classification number, CALL (RLIN) (NR) 343.5950965
Local cutter number (OCLC) ; Book number/undivided call number, CALL (RLIN) MAL
100 1# - MAIN ENTRY--PERSONAL NAME
Personal name Malaysia
9 (RLIN) 417
245 10 - TITLE STATEMENT
Title Akta perkapalan saudagar (pencemaran minyak) 1994 (Akta 515) =
Remainder of title Merchant shipping (oil pollution) Act 1994 (Act 515) (hingga 15hb Januari 2007) /
Statement of responsibility, etc. disusun oleh Lembaga Penyelidikan Undang-Undang
246 31 - VARYING FORM OF TITLE
Title proper/short title Merchant shipping (oil pollution) Act 1994 (Act 515) (hingga 15hb Januari 2007)
260 ## - PUBLICATION, DISTRIBUTION, ETC.
Place of publication, distribution, etc. Petaling Jaya :
Name of publisher, distributor, etc. International Law Book Services,
Date of publication, distribution, etc. 2007
300 ## - PHYSICAL DESCRIPTION
Extent 70ms. ;
Dimensions 24cm.
546 ## - LANGUAGE NOTE
Language note Teks sejajar bahasa Malaysia dan Inggeris
650 10 - SUBJECT ADDED ENTRY--TOPICAL TERM
Topical term or geographic name entry element Maritime law
Geographic subdivision Malaysia
9 (RLIN) 8410
710 2# - ADDED ENTRY--CORPORATE NAME
Corporate name or jurisdiction name as entry element Lembaga Penyelidikan Undang-Undang
9 (RLIN) 8411
942 ## - ADDED ENTRY ELEMENTS (KOHA)
Source of classification or shelving scheme
Koha item type Book
Holdings
Withdrawn status Lost status Source of classification or shelving scheme Damaged status Not for loan Collection code Home library Current library Shelving location Date acquired Inventory number Total Checkouts Full call number Barcode Date last seen Price effective from Koha item type
          NON-FICTION AKMAL Melaka AKMAL Melaka PINJAMAN 29.05.2017 304786   343.5950965 MAL 201706161 29.05.2017 29.05.2017 Book
          NON-FICTION AKMAL Melaka AKMAL Melaka PINJAMAN 29.05.2017 304785   343.5950965 MAL 201706160 29.05.2017 29.05.2017 Book
Pusat Sumber Maklumat Dato' Haji Sarmin Md Hussin, Akademi Kastam Diraja Malaysia, Melaka
Tel: 06-2331106 | Faks: 06-2313787